| 000 | 00476nab a2200145Ia 4500 | ||
|---|---|---|---|
| 003 | ES-SlBCS | ||
| 005 | 20210601125230.0 | ||
| 008 | 140529s1972 xxu||||| |||| 00| 0 eng d | ||
| 041 | _aeng | ||
| 100 | 1 |
_aWilcox, John T. _950141 |
|
| 245 | 0 | 0 |
_aElements of Irrationalism in Nietzsche's Metaethics _c John T. Wilcox |
| 600 | 1 |
_aNietzsche, Friedrich-Metaética _9155746 |
|
| 773 | 0 |
_tPhilosophy and Phenomenological Research _gvol. 33, 1972, págs. 227-240 _wRev1411 |
|
| 942 | _cAR | ||
| 999 |
_c526941 _d526941 |
||